000 01097nam a2200253Ia 4500
003 Ost
005 20260507074951.0
008 260507s9999||||xx |||||||||||||| ||und||
020 _a9773190846
040 _cfsecg
041 _aara
082 _a659.1
100 _aالعامري، محمد حسن
_eمؤلف
245 0 _aالاعلان وحماية المستهلك /
_c محمد حسن العامري
260 _aالقاهرة:
_bالعربي للنشر والتوزيع,
_c2007
300 _a185 صفحة؛
_bإيضاحات ؛
_c24 سم
504 _aببليوغرافيا:ص.173-184
520 _aحماية المستهلك المفهوم والتطبيق،الإعلان التلفزيوني،الدراسة الميدانية للإعلانات التلفزيونية الصادرة عن الجهاز المركزي التقييس والسيطرة النوعية
653 _aالإعلان
653 _aالإعلان بالتلفزيون
653 _aحماية المستهلك
700 _aهشام حسن، عثمان
_eمؤلف ثانوي
942 _cكتاب
999 _c41996
_d41996